| 000 | 00711nam a2200241 4500 | ||
|---|---|---|---|
| 001 | 2691333 | ||
| 003 | OSt | ||
| 005 | 20230623121242.0 | ||
| 008 | 700818s1970 maub b 001 0 eng | ||
| 010 | _a 75103477 | ||
| 040 |
_aDLC _cDLC _dDLC |
||
| 050 | 0 | 0 |
_aJK1029 _b.G6 |
| 082 | 0 | 0 |
_a328.73/07/65 _bGOO |
| 100 | 1 | _aGoodwin, George. | |
| 245 | 1 | 4 |
_aThe little legislatures; _bcommittees of Congress. |
| 260 |
_a[Amherst] _bUniversity of Massachusetts Press, _c1970. |
||
| 300 |
_axv, 284 p. _bmaps. _c24 cm. |
||
| 350 | _a8.50 | ||
| 504 | _aIncludes bibliographical references. | ||
| 610 | 1 | 0 |
_aUnited States. _bCongress _xCommittees. |
| 906 |
_a7 _bcbc _corignew _d2 _encip _f19 _gy-gencatlg |
||
| 942 |
_2ddc _cBK |
||
| 999 |
_c2471 _d2471 |
||